Cartilla agraria para Galicia / (Record no. 154965)

MARC details
000 -LEADER
campo de control de longitud fija 00725nam a22001695i 4500
001 - NÚMERO DE CONTROL
campo de control 154965
003 - IDENTIFICADOR DE NÚMERO DE CONTROL
campo de control ES-MaACL
005 - FECHA Y HORA DE LA ÚLTIMA TRANSACCIÓN
campo de control 20230906205921.0
008 - DATOS DE LONGITUD FIJA--INFORMACIÓN GENERAL
campo de control de longitud fija 990701s1881 sp |||| | spa d
040 ## - FUENTE DE CATALOGACIÓN
Centro catalogador/agencia de origen AS
Lengua de catalogación spa
Centro/agencia transcriptor CCPB | 3D
100 1# - ENTRADA PRINCIPAL--NOMBRE DE PERSONA
Nombre de persona Guntín, Antonio.
9 (RLIN) 127646
245 10 - MENCIÓN DEL TÍTULO
Título Cartilla agraria para Galicia /
Mención de responsabilidad, etc. por Antonio Guntin.
260 ## - PUBLICACIÓN, DISTRIBUCIÓN, ETC.
Lugar de publicación, distribución, etc. Madrid :
Nombre del editor, distribuidor, etc. La Ilustración Gallega y Asturiana,
Fecha de publicación, distribución, etc. 1881 (
Fabricante Imprenta de Aurelio J. Alaria)
300 ## - DESCRIPCIÓN FÍSICA
Extensión 77 p. ;
Dimensiones 19 cm.
500 #1 - NOTA GENERAL
Nota general Obra premiada por el Jurado del certamen literario y musical celebrado en Pontevedra el 13 de agosto de 1880.
852 ## - LOCALIZACIÓN
Ubicación ES-MaACL
Número de control de estantería T-419-F-14
Nota libre -- Enc. hol.
-- -- Ded. ms. del autor al director de "La Época"
-- -- Enc. en un vol. facticio
Holdings
Estatus retirado Estado de pérdida Estado de daño No para préstamo Colección Biblioteca de origen Biblioteca actual Ubicación en estantería Fecha de adquisición Total de préstamos Signatura topográfica completa Código de barras Visto por última vez Precio de reemplazo Tipo de ítem Koha
        Colección de folletos Biblioteca del Ateneo de Madrid Biblioteca del Ateneo de Madrid Depósito folletos 17/01/2008   T-419-F-14 1162099 23/02/2023 23/02/2023 Folleto